000 00966nam a2200181Ia 4500
008 090630s9999 xx 000 0 und d
082 _b27313
100 _aठाकूर योगेंद्र / घाटपांडे महेश.
245 _aव्यवसाय व्यवस्थापन तंत्र आणि मंत्र.
_cठाकूर योगेंद्र / घाटपांडे महेश.
260 _bआमोद - मुंबई.
_c2004
300 _a76
600 _aठाकूर योगेंद्र / घाटपांडे महेश.
630 _aव्यवसाय व्यवस्थापन तंत्र आणि मंत्र.
655 _aइतर.
700 _aठाकूर योगेंद्र / घाटपांडे महेश.
730 _aव्यवसाय व्यवस्थापन तंत्र आणि मंत्र.
942 _cBOOK
999 _c279169
_d279169